Direktvergleich England gegen Deutschland in Turnieren - Statistiken

Allgemein
  • Dieses Quiz wurde 87 mal gespielt
  • Das Durchschnittsergebnis liegt bei 7 aus 8
Antwortstatistiken
Partie Ergebnis (England:Deutschland) % Korrekt
EM 2021 2:0
95%
EM 2000 1:0
93%
WM 2010 1:4
92%
EM 1996 1:1
86%
WM 1966 4:2
83%
WM 1970 2:3
78%
WM 1990 3:4
64%
WM 1982 0:0
63%
Keine übereinstimmenden Quizze gefunden
Verteilung der Resultate
Anzahl Personen mit jedem Resultat
Perzentil nach korrekt beantworteten Fragen
Ihre Resultats-Entwicklung
Sie haben dieses Quiz noch nicht gespielt